| 000 | 00497nam a22001697a 4500 | ||
|---|---|---|---|
| 003 | CEME | ||
| 005 | 20210628202521.0 | ||
| 008 | 210121b xxu||||| |||| 00| 0 eng d | ||
| 040 | _cceme | ||
| 082 | _a297.1227 RAU | ||
| 100 |
_aAbdur Rauf. Dr _960284 |
||
| 245 | _aThe simple quran ,easy, accurate, enlightening,enjayable english translation of the holy quran | ||
| 260 |
_aRAWALPINDI _bFEROZSONS _c2005 |
||
| 300 | _a552P | ||
| 650 |
_aTRANSLATION OF THE HOLY QURAN _960285 |
||
| 942 |
_cBK _2ddc |
||
| 999 |
_c570052 _d570052 |
||